War crimes law comes of age : essays /

Theodor Meron's collection of essays on war crimes and related topics examines the impact that international law has had on a range of crimes, from the time of Shakespeare through to modern times and the conflict in the former Yugoslavia.

Bibliographic Details
Main Author: Meron, Theodor, 1930-
Format: eBook
Language:English
Language Notes:English.
Published: Oxford : Clarendon, 1998.
Subjects:
Online Access:Connect to the full text of this electronic book

MARC

Tag First Indicator Second Indicator Subfields
LEADER 00000cam a2200000 a 4500
001 in00005708607
005 20260318190930.0
006 m o d
007 cr |||||||||||
008 110330s1998 enk fob 001 0 eng d
010 |a  98042948  
040 |a CGU  |b eng  |e pn  |c CGU  |d OCLCO  |d KIJ  |d OCLCQ  |d OCLCF  |d YDXCP  |d OCLCQ  |d STBDS  |d Z5A  |d FIE  |d VGL  |d OCLCQ  |d UEJ  |d U3W  |d WYU  |d OCLCQ  |d HS0  |d SNU  |d UK7LJ  |d LDP  |d SXB  |d OCLCQ  |d OCLCO  |d SFB  |d OCLCO  |d OCLCQ  |d OCLCO  |d OCLCL  |d OCLCQ  |d OCLCL 
019 |a 1108933248  |a 1154951192  |a 1156016531  |a 1156880886  |a 1180981846  |a 1181616769  |a 1204695184  |a 1238882773  |a 1241850609  |a 1485503116 
020 |a 9780191683534  |q (ebook) 
020 |a 0191683531  |q (ebook) 
035 |a (OCoLC)798066332  |z (OCoLC)1108933248  |z (OCoLC)1154951192  |z (OCoLC)1156016531  |z (OCoLC)1156880886  |z (OCoLC)1180981846  |z (OCoLC)1181616769  |z (OCoLC)1204695184  |z (OCoLC)1238882773  |z (OCoLC)1241850609  |z (OCoLC)1485503116 
050 4 |a K5301 
080 |a 341.48 
082 0 4 |a 341.6/9  |2 23 
084 |a 86.92  |2 bcl 
084 |a KC217  |b .M476 1998  |2 moys 
084 |a KC217 MER  |q UkBrU-I  |2 moys 
049 |a TXAM 
100 1 |a Meron, Theodor,  |d 1930-  |1 https://id.oclc.org/worldcat/entity/E39PBJmhJWBxtpjJQRTrxkM9Dq 
245 1 0 |a War crimes law comes of age :  |b essays /  |c Theodor Meron. 
260 |a Oxford :  |b Clarendon,  |c 1998. 
300 |a 1 online resource (ix, 336 pages) 
336 |a text  |b txt  |2 rdacontent 
337 |a computer  |b c  |2 rdamedia 
338 |a online resource  |b cr  |2 rdacarrier 
520 8 |a Theodor Meron's collection of essays on war crimes and related topics examines the impact that international law has had on a range of crimes, from the time of Shakespeare through to modern times and the conflict in the former Yugoslavia. 
588 0 |a Print version record. 
504 |a Includes bibliographical references and index. 
546 |a English. 
505 0 |a I. Medieval and Renaissance Ordinances of War: Codifying Discipline and Humanity -- II. Shakespeare's Henry the Fifth and the Law of War -- III. Crimes and Accountability in Shakespeare -- IV. Common Rights of Mankind in Gentili, Grotius and Suarez -- V. Francis Lieber's Code and Principles of Humanity -- VI. Deportation of Civilians as a War Crime under Customary Law -- VII. Geneva Conventions as Customary Law -- VIII. The Time has Come for the United States to Ratify Geneva Protocol I -- IX. The Case for War Crimes Trials in Yugoslavia -- X. From Nuremberg to The Hague -- XI. Rape as a Crime under International Humanitarian Law -- XII. The Normative Impact on International Law of the International Tribunal for Former Yugoslavia -- XIII. International Criminalization of Internal Atrocities -- XIV. The Continuing Role of Custom in the Formation of International Humanitarian Law -- XV. Answering for War Crimes: Lessons from the Balkans -- XVI. Classification of Armed Conflict in the former Yugoslavia: Nicaragua's Fallout -- XVII. War Crimes Law Comes of Age -- Annex. Crimes in the Rome Statute of the International Criminal Court. 
650 0 |a War crimes. 
650 2 |a War Crimes 
650 6 |a Crimes de guerre. 
650 7 |a War crimes  |2 fast 
655 7 |a Electronic books.  |2 local 
758 |i has work:  |a War crimes law comes of age (Text)  |1 https://id.oclc.org/worldcat/entity/E39PCFGRg4wPVc7KBHBFhy7WDq  |4 https://id.oclc.org/worldcat/ontology/hasWork 
776 0 8 |i Print version  |z 9780198268567 
856 4 0 |u http://proxy.library.tamu.edu/login?url=https://academic.oup.com/book/2384  |z Connect to the full text of this electronic book  |t 0 
936 |a BATCHLOAD 
955 |a Oxford Scholarship Online 
994 |a 92  |b TXA 
999 f f |i 7533e6ab-cead-4d84-a99e-f13683093d83  |s b95c6510-e67b-4062-b749-94d0437d8581  |t 0 
952 f f |a Texas A&M University  |b College Station  |c Electronic Resources  |s www_evans  |d Available Online  |t 0  |e K5301   |h Library of Congress classification 
998 f f |a K5301   |t 0  |l Available Online